Bytový dom

Gespeichert in:
Bibliographische Detailangaben
1. Verfasser: Čanecký, Anton (Verfasst von)
Weitere Verfasser: Ďubek, Silvia (Betreuung Doktorarbeit)
Format: Manuskript Buch
Sprache:Slowakisch
Veröffentlicht: 2024
Schlagworte:
Online-Zugang:http://is.stuba.sk/zp/portal_zp.pl?podrobnosti=177263
https://opac.crzp.sk/?fn=detailBiblioForm&sid=F0082B7A009D1614BCC11AB883AC
Tags: Tag hinzufügen
Keine Tags, Fügen Sie das erste Tag hinzu!

MARC

LEADER 00000ntm a22000003a 4500
001 stuzp99168
003 SK-STU
005 20240917142745.7
007 ta
008 150427s2015----xo-----f-mn---000-0-slo-d
040 |a STU  |b slo 
041 0 |a slo 
100 1 |a Čanecký, Anton  |u 010270  |4 aut  |U SvF Stavebná fakulta  |T SvF Katedra technológie stavieb  |X 110109  |U V270  |Y 28  |7 110109 
242 0 1 |a Residential House  |y eng 
245 1 0 |a Bytový dom 
260 |c 2024 
650 4 |a Bytový dom  |2 slo 
650 4 |a Zelená plochá strecha  |2 slo 
650 4 |a Technologický predpis  |2 slo 
650 4 |a Green roof  |2 eng 
650 4 |a Technological prescription  |2 eng 
650 4 |a Residential House  |2 eng 
700 1 |a Ďubek, Silvia  |u 010270  |k Z1  |4 ths  |U SvF Stavebná fakulta  |T SvF Katedra technológie stavieb  |X 49683  |U V270  |Y 28  |7 A000049683 
856 4 |u http://is.stuba.sk/zp/portal_zp.pl?podrobnosti=177263 
856 4 |u https://opac.crzp.sk/?fn=detailBiblioForm&sid=F0082B7A009D1614BCC11AB883AC